LEADER 00999nam a2200241 i 4500 001 000000046514 003 CaOOAMICUS 005 20211215101130.0 008 120628s1875 fr u000 u fre u 013 $a17684 040 $aSeMil$bita 100 1 $aAlighieri, Dante,$d<1265-1321>.$0(OLS)http://semarc/name/453 245 13$aLe Purgatoire de Dante /$ctraduction et commentaire de A.-F. Ozanam. 250 $a4. éd. 300 $aXIX, 684 p. 490 0 $aOeuvres complétes de A. F. Ozanam 650 04$aAlighieri, Dante <1265-1321> . Divina Commedia . Purgatorio.$0(OLS)http://semarc/subject/15437 700 1 $aOzanam, Antoine-Frédéric,$c.$0(OLS)http://semarc/name/2749 830 0$aOeuvres complétes de A. F. Ozanam.$0(OLS)http://semarc/title/6334 850 $aSeMil 852 $aSeMil$W1$xVenegono$y1$m2C II 47 FA$j12669$B12669$CSeMilBibl$Z2$F12669 $8I 996 $6245$aLe Purgatoire de Dante$9(OLS)http://semarc/title/69569 LEADER 00869nam a2200229 i 4500 001 000000111929 003 CaOOAMICUS 005 20160923000000.0 008 160923s1949 it u000 u eng u 013 $a84611 040 $aSeMil$bita 100 1 $aOrwell, George <1903-1950>.$0(OLS)http://semarc/name/20416 245 10$aNineteen Eighty - Four /$cA novel George Orwell. 260 $a[New York] :$bPenguin Books,$ccopyr. 1949. 300 $a250 p. ;$c19 cm. 490 0 $aPenguin Books ;$v972 830 0$aPenguin Books ;$v972.$0(OLS)http://semarc/title/45173 850 $aSeMil 852 $aSeMil$W1$xVenegono$y1$m1V II 296$j67728$B67728$CSeMilBibl$Z2$F73900 $81 961 $aOmaggio: Delpini mons. Mario 996 $6245$aNineteen Eighty - Four$9(OLS)http://semarc/title/163064 996 $6260$a[New York] :$bPenguin Books$9(OLS)http://semarc/publisher/33420